[Event "World-chT Rapid"]
[Site "Dusseldorf"]
[Date "2023.08.26"]
[Round "2.5"]
[White "Blonder, Daniel"]
[Black "Vibhor, Sharma"]
[Result "1-0"]
[WhiteElo "1824"]
[BlackElo "1853"]
[PlyCount "87"]
[EventDate "2023.08.26"]
[EventType "team-swiss (rapid)"]
[EventRounds "12"]
[EventCountry "GER"]
[SourceTitle "CBM 215 Extra"]
[Source "ChessBase"]
[SourceDate "2023.09.30"]
[SourceVersion "1"]
[SourceVersionDate "2023.09.30"]
[SourceQuality "1"]
[WhiteTeam "Ashdod Elit CC"]
[BlackTeam "Ukraine Amators"]
[WhiteTeamCountry "ISR"]
[BlackTeamCountry "UKR"]

1. e4 c5 2. c3 Nf6 3. e5 Nd5 4. d4 cxd4 5. Nf3 Nc6 6. Bc4 Nb6 7. Bb3 d6 8. exd6 Qxd6 9. 0-0 e6 10. cxd4 Be7 11. Nc3 0-0 12. Be3 Nd5 13. Rc1 Bf6 14. Ne4 Qe7 15. Bc2 Rd8 16. Qe2 h6 17. Bb1 e5 18. Nxf6+ Nxf6 19. dxe5 Nxe5 20. Bc5 Nxf3+ 21. Qxf3 Qe6 22. Rfe1 Qg4 23. Be7 Qxf3 24. gxf3 Be6 25. Bxd8 Rxd8 26. Red1 Re8 27. Rc7 Bd5 28. Be4 Bxe4 29. fxe4 Rxe4 30. Rxb7 Re2 31. Rd8+ Kh7 32. Rxf7 Rxb2 33. Rxa7 h5 34. Rd6 Kg6 35. Rd3 h4 36. h3 Kh6 37. Rd4 Kg6 38. Rxh4 Kf5 39. Ra5+ Ke6 40. Rc4 g6 41. Rc6+ Ke7 42. Ra7+ Nd7 43. Rxg6 Kd8 44. Rd6 1-0